Normal view MARC view

Entry Personal Name

Number of records used in: 1

001 - CONTROL NUMBER

  • control field: 39200

003 - CONTROL NUMBER IDENTIFIER

  • control field: dpl

005 - DATE AND TIME OF LATEST TRANSACTION

  • control field: 20120114141247.0

008 - FIXED-LENGTH DATA ELEMENTS

  • fixed length control field: 120114|||a|||||| | ||| d

040 ## - CATALOGING SOURCE

  • Original cataloging agency: dpl
  • Transcribing agency: dpl

100 ## - HEADING--PERSONAL NAME

  • Personal name: Puri, Gopal K.

670 ## - SOURCE DATA FOUND

  • Source citation: Work cat.: (dpl): Puri, Gopal K., IIMS Business G.K. business awareness :

670 ## - SOURCE DATA FOUND

  • Source citation: Work cat.: (dpl): Puri, Gopal K., IIMS Business G.K. business awareness :

© Delhi Public Library
Hit Counter
free hit counter